Christian Ethics (Record no. 18241)

MARC details
000 -LEADER
fixed length control field 00385nam a22001337a 4500
008 - FIXED-LENGTH DATA ELEMENTS--GENERAL INFORMATION
fixed length control field 200227b xxu||||| |||| 00| 0 eng d
020 ## - INTERNATIONAL STANDARD BOOK NUMBER
International Standard Book Number 1433549654
050 ## - LIBRARY OF CONGRESS CALL NUMBER
Classification number BJ1251
Item number .G78 2018 c.1
100 ## - MAIN ENTRY--PERSONAL NAME
Personal name Grudem, Wayne
245 ## - TITLE STATEMENT
Title Christian Ethics
Remainder of title An introduction to Biblical Moral Reasoning
Statement of responsibility, etc. Wayne Grudem
260 ## - PUBLICATION, DISTRIBUTION, ETC. (IMPRINT)
Place of publication, distribution, etc. Illinois
Name of publisher, distributor, etc. Crossway
Date of publication, distribution, etc. 2018
300 ## - PHYSICAL DESCRIPTION
Extent 1296p.
942 ## - ADDED ENTRY ELEMENTS (KOHA)
Source of classification or shelving scheme Library of Congress Classification
Koha item type General Collection
Holdings
Withdrawn status Lost status Source of classification or shelving scheme Not for loan Home library Current library Date acquired Cost, normal purchase price Total Checkouts Full call number Barcode Date last seen Date last checked out Price effective from Koha item type
    Library of Congress Classification   Kabarak, Main Campus Kabarak, Main Campus 27/02/2020 7538.00 1 BJ1251 .G78 2018 c.1 028450 02/08/2024 20/02/2021 27/02/2020 General Collection
    Library of Congress Classification   Kabarak, Main Campus Kabarak, Main Campus 27/02/2020 7538.00 1 BJ1251 .G78 2018 c.2 028451 02/08/2024 19/05/2021 27/02/2020 General Collection
    Library of Congress Classification   Kabarak, Main Campus Kabarak, Main Campus 27/02/2020 7538.00   BJ1251 .G78 2018 c.3 028801 02/08/2024   27/02/2020 General Collection
Designed with assistance from East African Informatics Ltd